Comarca 4. Ciències socials

Salvato in:
Dettagli Bibliografici
Autore principale: Carrillo i Lázaro, Assumpció Martí i Poca, Carles
Natura: Sconosciuto
Lingua:spagnolo
catalano
Pubblicazione: Sant Adrià de Besòs. Barcelona Bruño 1989
Catalogo:MANES:  Risultati della ricerca del catalogo della biblioteca
Libro di testo Classificazione:
Serie:Projecte XXI
Tags: Aggiungi Tag
Nessun Tag, puoi essere il primo ad aggiungerne!!
Aggiunto a:2016-04-26

MARC

LEADER 000000000a22000000004500
001 01348
003 OSt
008 160427s sp ||||| |||| 00| 0 spa d
040 |c centro_manes 
041 1 |a cat 
691 7 |a PRI 
100 1 |a Carrillo i Lázaro, Assumpció  |9 174  |a Martí i Poca, Carles  |9 175 
245 0 0 |a Comarca 4. Ciències socials 
260 3 |a Sant Adrià de Besòs. Barcelona  |b Bruño  |c 1989 
300 |a 159 p.  |c 26x19 cm 
440 |a Projecte XXI  |9 153 
500 |a Fecha de publicación tomada del Depósito Legal 
690 7 |a ECS 
942 |2 ddc  |c BK 
546 |a España 
999 |c 7322  |d 7322 
999 |c manes:7322  |d 7322